The vampire Diaries - Statistics

General Stats
  • This quiz has been taken 325 times
  • The average score is 13 of 24
Answer Stats
Hint Answer % Correct
Who are Elena's real parents john and isobel
95%
Whos mother dies in season 6 caroline
79%
which vampire had children caroline
79%
Who is Elena sired to damon
78%
Who plays klaus joseph morgan
76%
As well as Elena who else has a doppleganger stefan
76%
how many times have stefan and damon bitten elena 3
74%
how many times have jeremy died 5
73%
what is the name of stefan's best friend lexi
70%
what year did the salvatores become vampires 1864
68%
what are the names of the original vampires klaus,rebekah,elijah,finn and kol
66%
What is Stefan's alter-ego name the ripper
64%
whose blood turned elena into a vampire damons
56%
where do elena and stefan meet school
53%
who did kai merge with luke
49%
what is the name of the local hang out spot mystic grill
49%
What is the name of the uncle damon killed zack
45%
what is the brotherhood of the 5 vampire hunters
35%
how do they walk in the sun daylight rings
33%
Who's wife joined the cast as a doctor Paul wesley
22%
how did stefan find out damon and elena slept together caroline told him
16%
who does alaric marry jo parker
14%
what is damons augustin number 21051
7%
What episode do damon and elena first kiss 2x22
5%
No matching quizzes found
Score Distribution
Percent of People with Each Score
Percentile by Number Answered
Your Score History
You have not taken this quiz